000 00282nam a22001337a 4500
008 180316b xxu||||| |||| 00| 0 eng d
020 _a0030634482
041 _aeng
080 _a781
100 _a45
101 _aMUZ
245 _aThe Music Book
_cBoardman, E
942 _2udc
_cBK
999 _c45265
_d45265